000 00383cam a2200181 4500
001 D12614
008 090401t1954 xxu||||| |||| 00| 0 eng d
035 _a(Sirsi) u4699
041 _aeng
100 _aDebenham, Frank
245 _aMap making
250 _a3rd
260 _aLondon
_bBlackie
_c1954
350 _a0
520 _aShelf 179
942 _n0
948 _c04/03/1997
999 _c86051
_d86051